| 000 | 00850nam a22002297a 4500 | ||
|---|---|---|---|
| 005 | 20240530110610.0 | ||
| 008 | 160730s2014 ua ||||f |||| 00| 0 ara d | ||
| 017 |
_a2013/8973 _bمصر. دار الكتب |
||
| 020 | _a9789773832738 | ||
| 040 | _aEG-CaGPL | ||
| 082 | 0 | 4 |
_a306.42/ _bم ح _221 |
| 100 | 0 | _aمحسن احمد الخضيري. | |
| 245 | 1 | 0 |
_aحرب المعلومات : _bحرب الذكاء و الذكاء المضاد في عالم اليوم / _cتأليف محسن احمد الخضيري. |
| 250 | _aط. 1. | ||
| 260 |
_aالقاهرة : _bايتراك للطباعة والنشر والتوزيع، _c2014. |
||
| 300 |
_a245 ص. ؛ _c24 سم. |
||
| 650 | 4 | _aامن المعلومات | |
| 650 | 4 | _aالذكاء | |
| 650 | 4 | _aحرب المعلومات | |
| 942 |
_2ddc _cBK |
||
| 999 |
_c62847 _d62847 |
||